[Event "Satka Autumn op (Women)"]
[Site "Satka"]
[Date "2019.09.24"]
[Round "6"]
[White "Loskutova, Viktoriya"]
[Black "Lebedeva, Lubov E"]
[Result "1-0"]
[WhiteElo "2162"]
[BlackElo "1802"]
[PlyCount "79"]
[EventDate "2019.09.19"]
[EventType "swiss"]
[EventRounds "9"]
[EventCountry "RUS"]
[SourceTitle "EXT 2020"]
[Source "ChessBase"]
[SourceDate "2019.10.17"]
[SourceVersion "1"]
[SourceVersionDate "2019.10.17"]
[SourceQuality "1"]

1. e4 e5 2. Nf3 Nc6 3. Bb5 a6 4. Ba4 Nf6 5. 0-0 d6 6. d3 Be7 7. c3 0-0 8. Nbd2 Bg4 9. Re1 b5 10. Bc2 b4 11. h3 Bh5 12. Nf1 bxc3 13. bxc3 d5 14. Qe2 d4 15. c4 Bb4 16. Rd1 Rb8 17. Rb1 Qd6 18. Ng3 Bg6 19. Nh4 Ne7 20. f4 h6 21. Rf1 Bh7 22. fxe5 Qxe5 23. Bf4 Qa5 24. Nf3 Ng6 25. Bc1 Rbd8 26. Bb3 Nh5 27. Nxh5 Qxh5 28. Qf2 Ne5 29. Nxe5 Qxe5 30. Bf4 Qe7 31. Qg3 Rc8 32. Bxh6 Bg6 33. Bf4 Bc5 34. Ba4 a5 35. Bc6 Bb6 36. Rb5 Kh8 37. Rg5 Kg8 38. h4 Bh7 39. Rxg7+ Kh8 40. Be5 1-0

[Event "Satka Autumn op (Women)"]
[Site "Satka"]
[Date "2019.09.20"]
[Round "2"]
[White "Svetlova, Ksenia"]
[Black "Lebedeva, Lubov E"]
[Result "1-0"]
[WhiteElo "1875"]
[BlackElo "1802"]
[PlyCount "63"]
[EventDate "2019.09.19"]
[EventType "swiss"]
[EventRounds "9"]
[EventCountry "RUS"]
[SourceTitle "EXT 2020"]
[Source "ChessBase"]
[SourceDate "2019.10.17"]
[SourceVersion "1"]
[SourceVersionDate "2019.10.17"]
[SourceQuality "1"]

1. e4 e5 2. Nf3 Nf6 3. Nxe5 d6 4. Nf3 Nxe4 5. Nc3 Nxc3 6. dxc3 Nc6 7. Bf4 Be7 8. Qd2 Be6 9. 0-0-0 Bf6 10. Kb1 Qd7 11. h3 a6 12. Nd4 0-0-0 13. Be2 Kb8 14. Rhe1 Ne5 15. Nxe6 Qxe6 16. Qd4 Ng6 17. Qb4 a5 18. Qa4 Qf5 19. Be3 Ne7 20. Bg4 Qg6 21. Qxa5 Nc6 22. Qa4 Bg5 23. f4 Bh4 24. Re2 d5 25. Bf3 Rd7 26. Bxd5 Rhd8 27. c4 Re7 28. Rd3 Rxe3 29. Rexe3 Ne7 30. Bxb7 Kxb7 31. Rxd8 Nc8 32. Rb3+ 1-0

[Event "Satka Autumn op (Women)"]
[Site "Satka"]
[Date "2019.09.19"]
[Round "1"]
[White "Lebedeva, Lubov E"]
[Black "Semenova, Elena"]
[Result "1/2-1/2"]
[WhiteElo "1802"]
[BlackElo "2303"]
[PlyCount "182"]
[EventDate "2019.09.19"]
[EventType "swiss"]
[EventRounds "9"]
[EventCountry "RUS"]
[SourceTitle "EXT 2020"]
[Source "ChessBase"]
[SourceDate "2019.10.17"]
[SourceVersion "1"]
[SourceVersionDate "2019.10.17"]
[SourceQuality "1"]

1. e4 Nf6 2. e5 Nd5 3. d4 d6 4. Nf3 Bg4 5. Be2 e6 6. h3 Bh5 7. Nc3 Nxc3 8. bxc3 Nd7 9. 0-0 d5 10. a4 a5 11. c4 dxc4 12. Bxc4 Nb6 13. Be2 Bb4 14. Bd2 0-0 15. c3 Be7 16. Qb3 Bg6 17. c4 Be4 18. Rfd1 Bc6 19. c5 Nd5 20. Bb5 Qd7 21. Bxc6 Qxc6 22. Rdc1 Rfb8 23. Ne1 b5 24. cxb6 Qxb6 25. Qxb6 cxb6 26. Nd3 Rc8 27. g3 Kf8 28. Nf4 Nxf4 29. Bxf4 Bb4 30. Be3 Ke7 31. Kf1 Kd7 32. Ke2 Rab8 33. Kd3 Rxc1 34. Bxc1 Rc8 35. Bb2 Rc6 36. f3 Kc7 37. Rc1 Rxc1 38. Bxc1 Kc6 39. Kc4 Be7 40. g4 g6 41. f4 Bh4 42. Be3 Bg3 43. Bd2 Bf2 44. Bc1 h5 45. Bd2 Bh4 46. Be3 Be1 47. gxh5 gxh5 48. Bc1 Bb4 49. Be3 Be7 50. f5 exf5 51. d5+ Kd7 52. Bxb6 Bb4 53. Kd3 Be1 54. Bd4 h4 55. Ke2 Bg3 56. Bc3 Ke7 57. Bxa5 Bxe5 58. Bb4+ Bd6 59. Bc3 Bc5 60. Be5 Bd6 61. Bd4 Bb4 62. Bb6 Kd6 63. a5 Kxd5 64. a6 Kc6 65. Bf2 Be7 66. Kf3 Bg5 67. Bd4 Kc7 68. a7 Kb7 69. Bf2 Ka8 70. Ke2 Kb7 71. Kd3 Ka8 72. Kc4 Kb7 73. Kd5 Bf6 74. Kd6 Ka8 75. Kd7 Be5 76. Bxh4 Kxa7 77. Bf2+ Kb7 78. h4 Bf6 79. h5 Bg5 80. Ke8 f6 81. Kd7 f4 82. Ke6 Kc6 83. h6 Bxh6 84. Kxf6 Kd5 85. Kf5 f3 86. Ba7 Bc1 87. Bf2 Bd2 88. Ba7 Bh6 89. Bf2 Bd2 90. Ba7 Bc1 91. Bf2 Bh6 1/2-1/2